Представление документа в формате MARC21

Поле Инд. ПП Название Значение
Тип записи a
Библиографический уровень m
001 Контрольный номер RU/IS/BASE/318586904
005 Дата корректировки 20140703184004.2
040 a Служба первич. каталог. НБ ТвГУ
b Код языка каталог. rus
e Правила каталог. PSBO
041 0_ a Код языка текста rus
080 a Индекс УДК 81'0(043.3)
080 a Индекс УДК 81:115(043.3)
084 a Индекс другой классификации/Индекс ББК Ш100.122я031
a Индекс другой классификации/Индекс ББК Ш1в.я031
090 a Полочн. индекс Ш100.1
x Авторский знак Ч-83
100 1_ a Автор Чугунова Светлана Александровна
q Полное имя Чугунова С. А.
245 10 a Заглавие Концептуализация времени в разных культурах
b Продолж. заглавия дис. ... д-ра филол. наук : 10.02.19
c Ответственность Твер. гос. ун-т
260 a Место издания Тверь
b Издательство б. и.
c Дата издания 2009
300 a Объем 393 с.
b Иллюстрации/ тип воспроизводства ил.
500 a Примечание На правах рукоп.
502 a Примечание о диссертации Дис. (докт.) - Тверской государственный университет, 2009
504 a Библиография Библиогр.: с. 347-387 (424 назв.) и в подстроч. примеч.
650 a Основная рубрика Языкознание
x Основная подрубрика Концептуальный анализ
x Основная подрубрика Сравнительно-исторический метод
650 14 a Основная рубрика Лингвокультурология
650 14 a Основная рубрика Лингвистика сопоставительная
653 a Ключевые слова Концепт "время"
a Ключевые слова Концептуальный анализ
a Ключевые слова Лингвокультурология
a Ключевые слова Психолингвистика
a Ключевые слова Сопоставительная лингвистика
a Ключевые слова Сравнительно-исторический метод
a Ключевые слова Теория языка
a Ключевые слова Языкознание
a Ключевые слова Диссертации
a Ключевые слова Труды Тверского государственного университета
710 a Организация/ юрисдикция Тверской государственный университет
920 a Оператор Густ
930 a Новая/Ретро диссертации
952 c Вид литературы Дис н
954 a Дата поступления на обработку 20100204